<?xml version="1.0" encoding="UTF-8"?><?xml-stylesheet type="text/xsl" href="static/style.xsl"?><OAI-PMH xmlns="http://www.openarchives.org/OAI/2.0/" xmlns:xsi="http://www.w3.org/2001/XMLSchema-instance" xsi:schemaLocation="http://www.openarchives.org/OAI/2.0/ http://www.openarchives.org/OAI/2.0/OAI-PMH.xsd"><responseDate>2026-04-27T03:42:46Z</responseDate><request verb="GetRecord" identifier="oai:repisalud.isciii.es:20.500.12105/7626" metadataPrefix="marc">https://repisalud.isciii.es/rest/oai/request</request><GetRecord><record><header><identifier>oai:repisalud.isciii.es:20.500.12105/7626</identifier><datestamp>2024-10-24T11:12:02Z</datestamp><setSpec>com_20.500.12105_2052</setSpec><setSpec>com_20.500.12105_2051</setSpec><setSpec>col_20.500.12105_19608</setSpec></header><metadata><record xmlns="http://www.loc.gov/MARC21/slim" xmlns:dcterms="http://purl.org/dc/terms/" xmlns:doc="http://www.lyncode.com/xoai" xmlns:xsi="http://www.w3.org/2001/XMLSchema-instance" xsi:schemaLocation="http://www.loc.gov/MARC21/slim http://www.loc.gov/standards/marcxml/schema/MARC21slim.xsd">
   <leader>00925njm 22002777a 4500</leader>
   <datafield ind2=" " ind1=" " tag="042">
      <subfield code="a">dc</subfield>
   </datafield>
   <datafield ind2=" " ind1=" " tag="720">
      <subfield code="a">García-Pérez, Javier</subfield>
      <subfield code="e">author</subfield>
   </datafield>
   <datafield ind2=" " ind1=" " tag="720">
      <subfield code="a">Fernandez-Navarro, Pablo L</subfield>
      <subfield code="e">author</subfield>
   </datafield>
   <datafield ind2=" " ind1=" " tag="720">
      <subfield code="a">Castelló Pastor, Adela</subfield>
      <subfield code="e">author</subfield>
   </datafield>
   <datafield ind2=" " ind1=" " tag="720">
      <subfield code="a">Lopez-Cima, Maria Felicitas</subfield>
      <subfield code="e">author</subfield>
   </datafield>
   <datafield ind2=" " ind1=" " tag="720">
      <subfield code="a">Ramis, Rebeca</subfield>
      <subfield code="e">author</subfield>
   </datafield>
   <datafield ind2=" " ind1=" " tag="720">
      <subfield code="a">Boldo, Elena</subfield>
      <subfield code="e">author</subfield>
   </datafield>
   <datafield ind2=" " ind1=" " tag="720">
      <subfield code="a">Lopez-Abente, Gonzalo</subfield>
      <subfield code="e">author</subfield>
   </datafield>
   <datafield ind2=" " ind1=" " tag="260">
      <subfield code="c">2013-01</subfield>
   </datafield>
   <datafield ind2=" " ind1=" " tag="520">
      <subfield code="a">BACKGROUND: Waste treatment plants release toxic emissions into the environment which affect neighboring towns. OBJECTIVES: To investigate whether there might be excess cancer mortality in towns situated in the vicinity of Spanish-based incinerators and installations for the recovery or disposal of hazardous waste, according to the different categories of industrial activity. METHODS: An ecologic study was designed to examine municipal mortality due to 33 types of cancer, across the period 1997-2006. Population exposure to pollution was estimated on the basis of distance from town of residence to pollution source. Using Besag-York-Mollié (BYM) regression models with Integrated Nested Laplace approximations for Bayesian inference, and Mixed Poisson regression models, we assessed the risk of dying from cancer in a 5-kilometer zone around installations, analyzed the effect of category of industrial activity, and conducted individual analyses within a 50-kilometer radius of each installation. RESULTS: Excess cancer mortality (BYM model: relative risk, 95% credible interval) was detected in the total population residing in the vicinity of these installations as a whole (1.06, 1.04-1.09), and, principally, in the vicinity of incinerators (1.09, 1.01-1.18) and scrap metal/end-of-life vehicle handling facilities, in particular (1.04, 1.00-1.09). Special mention should be made of the results for tumors of the pleura (1.71, 1.34-2.14), stomach (1.18, 1.10-1.27), liver (1.18, 1.06-1.30), kidney (1.14, 1.04-1.23), ovary (1.14, 1.05-1.23), lung (1.10, 1.05-1.15), leukemia (1.10, 1.03-1.17), colon-rectum (1.08, 1.03-1.13) and bladder (1.08, 1.01-1.16) in the vicinity of all such installations. CONCLUSIONS: Our results support the hypothesis of a statistically significant increase in the risk of dying from cancer in towns near incinerators and installations for the recovery or disposal of hazardous waste.</subfield>
   </datafield>
   <datafield ind1="8" ind2=" " tag="024">
      <subfield code="a">Environ Int. 2013 Jan;51:31-44.</subfield>
   </datafield>
   <datafield ind1="8" ind2=" " tag="024">
      <subfield code="a">01604120</subfield>
   </datafield>
   <datafield ind1="8" ind2=" " tag="024">
      <subfield code="a">http://hdl.handle.net/20.500.12105/7626</subfield>
   </datafield>
   <datafield ind1="8" ind2=" " tag="024">
      <subfield code="a">23160082</subfield>
   </datafield>
   <datafield ind1="8" ind2=" " tag="024">
      <subfield code="a">10.1016/j.envint.2012.10.003</subfield>
   </datafield>
   <datafield ind1="8" ind2=" " tag="024">
      <subfield code="a">1873-6750</subfield>
   </datafield>
   <datafield ind1="8" ind2=" " tag="024">
      <subfield code="a">Environment international</subfield>
   </datafield>
   <datafield ind2="0" ind1="0" tag="245">
      <subfield code="a">Cancer mortality in towns in the vicinity of incinerators and installations for the recovery or disposal of hazardous waste</subfield>
   </datafield>
</record></metadata></record></GetRecord></OAI-PMH>